00840nam a2200217 i 450000100060000000300090000600500170001500700030003200800410003501700170007604000220009308000390011524501030015426000560025730000320031360000760034570000290042185200330045099900170048395201220050053988ES-MaACL20250909203459.0t|031120s2002 sp ||||0| spa d aM 11823-2002 aM-BN bspa cM-BN a821.134.2 Gracián, Baltasar 1.0700aSesión de investidura de doctor "honoris causa" del Excmo. Sr. Dr. D. Miguel Batllori y Munné. aMadrid : bUniversidad Pontificia Comillas, c2002. a62 p : bil. col ; c27 cm.14aGracián, Baltasar, d1601-1658- xCrítica e interpretación9594791 aBatllori, Miguel.926460 aES-MaACLjL-26744 bR.132181 c53988d53988 00104070aATENEOMbATENEOMcDEPO2d2008-01-17eSCl0oL-26744p1056740r2023-02-23 00:00:00w2023-02-23yMONOGRAFIA